000 00442nam a22001697a 4500
005 20160701153231.0
008 160701b xxu||||| |||| 00| 0 eng d
020 _a978-81-7283-766-7
041 _aeng
082 _b20714
100 _aSaxena Jyoti & other
_93418
245 _aLaboratory Mannual of microbiology biochemistry& molecur biology
260 _bscientific
300 _a380
650 _aDiploma Engineering
_9817
942 _cBK
999 _c5115
_d5113